[Event "SVK-chT2B 1617"]
[Site "Slovakia"]
[Date "2016.10.09"]
[Round "2.6"]
[White "Teplan, Branislav"]
[Black "Chrenko, Kristian"]
[Result "0-1"]
[WhiteElo "1816"]
[BlackElo "1986"]
[PlyCount "100"]
[EventDate "2016.10.08"]
[EventType "team-tourn"]
[EventRounds "11"]
[EventCountry "SVK"]
[SourceTitle "CBM 175 Extra"]
[Source "ChessBase"]
[SourceDate "2016.12.12"]
[SourceVersion "1"]
[SourceVersionDate "2016.12.12"]
[SourceQuality "1"]
[WhiteTeam "Nove Zamky"]
[BlackTeam "Tlmace"]
[WhiteTeamCountry "SVK"]
[BlackTeamCountry "SVK"]

1. e4 c5 2. d4 cxd4 3. c3 Nf6 4. e5 Nd5 5. cxd4 e6 6. Nc3 Nxc3 7. bxc3 d6 8. exd6 Bxd6 9. Nf3 Qc7 10. g3 0-0 11. Bg2 Qc4 12. Bf1 Qxc3+ 13. Bd2 Qa3 14. Bg2 Qd3 15. Qe2 Qxe2+ 16. Kxe2 Bd7 17. Ne5 Bb5+ 18. Ke3 Nc6 19. a4 Nxe5 20. axb5 Nc4+ 21. Kd3 Nxd2 22. Kxd2 Rfd8 23. Bxb7 Rab8 24. Bc6 Bc5 25. Ke2 Rxd4 26. Rhd1 Rbd8 27. Rxd4 Rxd4 28. f3 e5 29. Rd1 Rxd1 30. Kxd1 f5 31. Ke2 Kf7 32. Kd3 Ke6 33. h3 h5 34. Be8 Kf6 35. Bd7 Kg5 36. Be6 Bf2 37. g4 g6 38. Ke2 Bc5 39. Kf1 fxg4 40. hxg4 h4 41. Kg2 Kf4 42. Bd5 Ke3 43. Bc4 g5 44. Bd5 Kd4 45. Bc6 Kc4 46. Bd7 Be3 47. Bc6 Kc5 48. Bd7 Kd6 49. Bc6 a5 50. Be8 Bb6 0-1

[Event "Brezova op"]
[Site "Brezova pod Bradlom"]
[Date "2010.08.29"]
[Round "9"]
[White "Teplan, Branislav"]
[Black "Spacek, Marcel"]
[Result "0-1"]
[WhiteElo "1888"]
[BlackElo "1645"]
[PlyCount "62"]
[EventDate "2010.08.22"]
[EventType "swiss"]
[EventRounds "9"]
[EventCountry "SVK"]
[SourceTitle "CBM 138 Extra"]
[Source "ChessBase"]
[SourceDate "2010.10.29"]
[SourceVersion "1"]
[SourceVersionDate "2010.10.29"]
[SourceQuality "1"]

1. e4 c5 2. Nf3 Nc6 3. d4 cxd4 4. Nxd4 Nf6 5. Nc3 e5 6. Ndb5 d6 7. Bg5 a6 8. Na3 b5 9. Bxf6 gxf6 10. Nd5 f5 11. Bd3 Be6 12. c4 b4 13. Nc2 f4 14. Qd2 a5 15. a3 b3 16. Rb1 bxc2 17. Bxc2 a4 18. b4 axb3 19. Rxb3 Nd4 20. Rb7 Nxc2+ 21. Qxc2 Bxd5 22. cxd5 Qa5+ 23. Kd1 Qc5 24. Qb3 Rxa3 25. Rb8+ Ke7 26. Rb7+ Kf6 27. Qb2 Qd4+ 28. Qxd4 exd4 29. Ke2 Rg8 30. Rc1 Rxg2 31. Rcc7 f3+ 0-1

[Event "Brezova op"]
[Site "Brezova pod Bradlom"]
[Date "2010.08.24"]
[Round "3"]
[White "Teplan, Branislav"]
[Black "Tsifanskaya, Ludmila A"]
[Result "0-1"]
[WhiteElo "1888"]
[BlackElo "2143"]
[PlyCount "87"]
[EventDate "2010.08.22"]
[EventType "swiss"]
[EventRounds "9"]
[EventCountry "SVK"]
[SourceTitle "CBM 138 Extra"]
[Source "ChessBase"]
[SourceDate "2010.10.29"]
[SourceVersion "1"]
[SourceVersionDate "2010.10.29"]
[SourceQuality "1"]

1. e4 c5 2. c3 Nf6 3. e5 Nd5 4. d4 cxd4 5. cxd4 Nc6 6. Nf3 g6 7. Nc3 Nxc3 8. bxc3 Bg7 9. Bc4 0-0 10. 0-0 d6 11. exd6 Qxd6 12. Re1 Na5 13. Bd3 Be6 14. Qe2 Rfe8 15. Bb5 Bd7 16. Bxd7 Qxd7 17. Ne5 Qd5 18. Bb2 Rac8 19. Qd3 Nc4 20. Nxc4 Qxc4 21. Qxc4 Rxc4 22. Re3 Bf6 23. d5 Rec8 24. g3 Kf8 25. Rc1 Ra4 26. a3 Ra5 27. Rd1 Rac5 28. d6 exd6 29. Rxd6 Bxc3 30. Bxc3 Rxc3 31. Rd7 Rxe3 32. fxe3 Rc3 33. Rxb7 Rxa3 34. Kf2 h5 35. Kf3 Kg7 36. Kf4 Kf6 37. h4 a5 38. Rb6+ Kg7 39. Ra6 Ra1 40. e4 a4 41. e5 a3 42. Kf3 Kf8 43. Ra7 a2 44. Kf2 0-1

[Event "Brezova op"]
[Site "Brezova pod Bradlom"]
[Date "2010.08.23"]
[Round "2"]
[White "Jarabek, Milan"]
[Black "Teplan, Branislav"]
[Result "0-1"]
[WhiteElo "1549"]
[BlackElo "1888"]
[PlyCount "50"]
[EventDate "2010.08.22"]
[EventType "swiss"]
[EventRounds "9"]
[EventCountry "SVK"]
[SourceTitle "CBM 138 Extra"]
[Source "ChessBase"]
[SourceDate "2010.10.29"]
[SourceVersion "1"]
[SourceVersionDate "2010.10.29"]
[SourceQuality "1"]

1. d4 Nf6 2. c4 c5 3. e3 g6 4. Nf3 Bg7 5. Nc3 0-0 6. e4 cxd4 7. Nxd4 d6 8. Be3 Qa5 9. Qd2 Nc6 10. Nxc6 bxc6 11. Rc1 Ng4 12. Bf4 Rb8 13. b3 e5 14. Bg3 Rd8 15. Rc2 Be6 16. Be2 Bh6 17. f4 exf4 18. Bxf4 Bxf4 19. Qxf4 h5 20. 0-0 Qb6+ 21. Kh1 Ne3 22. Na4 Qa5 23. Rd1 Nxd1 24. Rd2 Qe5 25. Qf3 Bg4 0-1

[Event "SVK-chT2B 0910"]
[Site "Slovakia"]
[Date "2010.02.27"]
[Round "10"]
[White "Vrbica, Ladislav"]
[Black "Teplan, Branislav"]
[Result "1/2-1/2"]
[WhiteElo "1996"]
[BlackElo "1955"]
[PlyCount "56"]
[EventDate "2009.10.10"]
[EventType "team"]
[EventRounds "11"]
[EventCountry "SVK"]
[SourceTitle "EXT 2011"]
[Source "ChessBase"]
[SourceDate "2010.11.26"]
[SourceVersion "1"]
[SourceVersionDate "2010.11.26"]
[SourceQuality "1"]
[WhiteTeam "Bystrica SKS II"]
[BlackTeam "Nove Zamky Basta II"]
[WhiteTeamCountry "SVK"]
[BlackTeamCountry "SVK"]

1. c4 Nf6 2. Nf3 c5 3. Nc3 Nc6 4. g3 g6 5. Bg2 Bg7 6. 0-0 0-0 7. d4 cxd4 8. Nxd4 Nxd4 9. Qxd4 d6 10. Qd3 Rb8 11. Be3 a6 12. Bd4 Bd7 13. Rac1 Bc6 14. b3 Bxg2 15. Kxg2 Qa5 16. Rfd1 Rbd8 17. Na4 Qh5 18. h3 e5 19. Bb6 e4 20. Qd2 Rd7 21. Nc3 Re8 22. a4 Bh6 23. Be3 Bxe3 24. Qxe3 d5 25. Nxd5 Nxd5 26. Rxd5 Rxd5 27. cxd5 Qxd5 28. Rc5 Qe6 1/2-1/2

[Event "SVK-chT2B 0708"]
[Site "Slovakia"]
[Date "2008.03.08"]
[Round "10.5"]
[White "Teplan, Branislav"]
[Black "Novotny, Michal1111"]
[Result "1-0"]
[WhiteElo "1947"]
[BlackElo "2106"]
[PlyCount "67"]
[EventDate "2007.10.06"]
[EventType "team-tourn"]
[EventRounds "11"]
[EventCountry "SVK"]
[SourceTitle "EXT 2010"]
[Source "ChessBase"]
[SourceDate "2010.11.25"]
[SourceVersion "1"]
[SourceVersionDate "2010.11.25"]
[SourceQuality "1"]
[WhiteTeam "Nove Zamky Basta II"]
[BlackTeam "Tlmace SK"]
[WhiteTeamCountry "SVK"]
[BlackTeamCountry "SVK"]

1. e4 e6 2. d4 d5 3. exd5 exd5 4. Nf3 Bf5 5. Bf4 Bd6 6. Bg3 Nf6 7. Bd3 Ne4 8. 0-0 0-0 9. Re1 Nxg3 10. hxg3 Bxd3 11. Qxd3 Nd7 12. Nbd2 c6 13. Re2 Qb6 14. c4 dxc4 15. Nxc4 Qc7 16. Nxd6 Qxd6 17. Rae1 Rad8 18. Re7 a5 19. Ng5 g6 20. Qb3 Qb4 21. Nxf7 Qxb3 22. Nh6+ Kh8 23. axb3 b5 24. Nf7+ Rxf7 25. Rxf7 Kg8 26. Ree7 Nf8 27. Rf6 Rxd4 28. Re8 Rd2 29. Rexf8+ Kg7 30. g4 Kh6 31. Rxc6 Rxb2 32. Rf7 Rxb3 33. Rc5 a4 34. f3 1-0

[Event "SVK-chT2B 0708"]
[Site "Slovakia"]
[Date "2008.02.03"]
[Round "9.4"]
[White "Teplan, Branislav"]
[Black "Sedmak, Stanislav"]
[Result "1-0"]
[WhiteElo "1947"]
[BlackElo "1928"]
[PlyCount "87"]
[EventDate "2007.10.06"]
[EventType "team-tourn"]
[EventRounds "11"]
[EventCountry "SVK"]
[SourceTitle "EXT 2010"]
[Source "ChessBase"]
[SourceDate "2010.11.25"]
[SourceVersion "1"]
[SourceVersionDate "2010.11.25"]
[SourceQuality "1"]
[WhiteTeam "Nove Zamky Basta II"]
[BlackTeam "Topolcianky Lokomotiva"]
[WhiteTeamCountry "SVK"]
[BlackTeamCountry "SVK"]

1. e4 Nf6 2. e5 Nd5 3. d4 d6 4. exd6 exd6 5. Nf3 Be7 6. Be2 0-0 7. 0-0 Nc6 8. c4 Nb6 9. d5 Ne5 10. Qc2 Bf6 11. Rd1 Re8 12. Be3 Qe7 13. Nbd2 Bd7 14. Re1 g6 15. Nxe5 Bxe5 16. Nf3 Bf5 17. Bd3 Bxd3 18. Qxd3 Nd7 19. Nxe5 Nxe5 20. Qc3 Qh4 21. Bd4 f6 22. Re3 Ng4 23. Rh3 Qg5 24. Rg3 Qh5 25. h3 Ne5 26. Re3 Qf5 27. Rae1 Kf7 28. c5 Nd3 29. Rxd3 Rxe1+ 30. Qxe1 Qxd3 31. Qe6+ Kf8 32. Qxf6+ Ke8 33. Qh8+ Kd7 34. Qg7+ Ke8 35. cxd6 cxd6 36. Qg8+ Ke7 37. Qe6+ Kf8 38. Qxd6+ Ke8 39. Qe6+ Kd8 40. Bf6+ Kc7 41. Be5+ Kd8 42. Qg8+ Kd7 43. Qf7+ Kd8 44. d6 1-0

[Event "SVK-chT2B 0708"]
[Site "Slovakia"]
[Date "2007.11.04"]
[Round "4.4"]
[White "Kurtulik, Andrej"]
[Black "Teplan, Branislav"]
[Result "1-0"]
[WhiteElo "1774"]
[BlackElo "1947"]
[PlyCount "35"]
[EventDate "2007.10.06"]
[EventType "team-tourn"]
[EventRounds "11"]
[EventCountry "SVK"]
[SourceTitle "EXT 2010"]
[Source "ChessBase"]
[SourceDate "2010.11.25"]
[SourceVersion "1"]
[SourceVersionDate "2010.11.25"]
[SourceQuality "1"]
[WhiteTeam "Prievidza SK II"]
[BlackTeam "Nove Zamky Basta II"]
[WhiteTeamCountry "SVK"]
[BlackTeamCountry "SVK"]

1. e4 c5 2. Nf3 d6 3. d4 cxd4 4. Nxd4 Nf6 5. Nc3 a6 6. Be2 Nc6 7. 0-0 e6 8. Kh1 Be7 9. f4 0-0 10. h3 Qc7 11. Nb3 b5 12. a3 Bb7 13. Qe1 Rad8 14. Qg3 e5 15. f5 Rfe8 16. Bh6 Bf8 17. Bg5 Be7 18. Bxf6 1-0